| 000 | 00723nam a2200205 i 4500 | ||
|---|---|---|---|
| 001 | 69220 | ||
| 003 | ES-MaACL | ||
| 005 | 20231219062533.0 | ||
| 007 | t| | ||
| 008 | 040921s2001 sp ||||1| spa d | ||
| 080 | _a929-054.7(=1.460:100) | ||
| 100 | 1 |
_aAbellán, José Luis, _d1933-2023 _9176509 |
|
| 245 | 1 | 3 |
_aEl exilio de 1939 _b: la actitud existencial del transterrado / _cJosé Luis Abellán. |
| 260 |
_aSalamanca : _bUniversidad de Salamanca, _c[2001] |
||
| 300 |
_aP. [19]-27 ; _c24 cm. |
||
| 595 | _aSeparata de: El exilio cultural de la guerra civil (1936-1939). Universidad de Salamanca, 2001. | ||
| 650 | 1 | 4 |
_aExiliados españoles- _y1939-1975. _912658 |
| 852 |
_aES-MaACL _j2180-F-9 |
||
| 999 |
_c69220 _d69220 |
||